| 000 | 00862aam a2200289 4500 | ||
|---|---|---|---|
| 005 | 20230712100504.0 | ||
| 008 | 150320b2008 xxu||||| |||| 00| 0 spa d | ||
| 041 | _aESP | ||
| 082 | _a005.136 I72L5 | ||
| 100 |
_aIrvine, Kip R. _982681 |
||
| 245 | _aLenguaje ensamblador para computadoras basadas en Intel | ||
| 250 | _a5 edición | ||
| 260 |
_aMéxico _bPearson Educación _c2008 |
||
| 300 | _a723 páginas | ||
| 650 |
_aLENGUAJE ENSAMBLADOR _982682 |
||
| 650 |
_aREPRESENTACIÓN DE DATOS _982683 |
||
| 650 |
_aARQUITECTURA DE COMPUTADORAS _982684 |
||
| 650 |
_aPROCESADOR IA-32 _982685 |
||
| 650 |
_aTRANSFERENCIAS DE DATOS _982686 |
||
| 650 |
_aARITMETICA DEL COMPUTADOR _982687 |
||
| 650 |
_aCADENAS _982688 |
||
| 650 |
_aESTRUCTURAS _982689 |
||
| 650 |
_aMACROS _982690 |
||
| 650 |
_aINTERFAZ _982691 |
||
| 650 |
_aVISUAL C++ _982692 |
||
| 942 | _cBK | ||
| 999 |
_c2144 _d2144 |
||